|
|
|
|
| LEADER |
00000naa2a2200000 4500 |
| 001 |
150907 |
| 005 |
20231221111316.0 |
| 035 |
|
|
|a (RuTPU)RU\TPU\book\163623
|
| 090 |
|
|
|a 150907
|
| 100 |
|
|
|a 20090115d2008 k y0rusy50 ca
|
| 101 |
0 |
|
|a rus
|
| 102 |
|
|
|a RU
|
| 200 |
1 |
|
|a Исследование структурных изменений на мезомасштабном уровне деформаций при ползучести высокочистого алюминия
|f Ю. Ф. Попкова, Т. Ф. Елсукова, О. Ю. Ваулина
|g науч. рук. Т. Ф. Елсукова
|
| 320 |
|
|
|a Библиогр.: 4 назв.
|
| 461 |
|
1 |
|0 (RuTPU)RU\TPU\book\156858
|t Современные техника и технологии
|o 14 Международная научно-практическая конференция студентов, аспирантов и молодых ученых, г. Томск, 24-28 марта 2008 г.
|o труды
|o в 3 т.
|f Томский политехнический университет (ТПУ)
|d 2008
|
| 463 |
|
1 |
|0 (RuTPU)RU\TPU\book\158716
|t Т. 2
|v С. 144-145
|d 2008
|p 434 с.
|
| 610 |
1 |
|
|a мезомасштаб
|
| 610 |
1 |
|
|a структура
|
| 610 |
1 |
|
|a структурные изменения
|
| 610 |
1 |
|
|a деформация
|
| 610 |
1 |
|
|a ползучесть
|
| 610 |
1 |
|
|a алюминий
|
| 610 |
1 |
|
|a мезомеханика
|
| 610 |
1 |
|
|a мезоскопическая деформация
|
| 610 |
1 |
|
|a труды учёных ТПУ
|
| 700 |
|
1 |
|a Попкова
|b Ю. Ф.
|
| 701 |
|
1 |
|a Елсукова
|b Т. Ф.
|
| 701 |
|
1 |
|a Ваулина
|b О. Ю.
|c специалист в области материаловедения
|c доцент Томского политехнического университета, кандидат технических наук
|f 1978-
|g Ольга Юрьевна
|3 (RuTPU)RU\TPU\pers\31265
|9 15443
|
| 702 |
|
1 |
|a Елсукова
|b Т. Ф.
|4 727
|
| 801 |
|
1 |
|a RU
|b 63413507
|c 20090115
|g PSBO
|
| 801 |
|
2 |
|a RU
|b 63413507
|c 20141114
|g RCR
|
| 942 |
|
|
|c BK
|